000 00646nam a2200193 4500
001 122361
003 ES-MaACL
007 t|
008 070214s1958 mx r ||||1| spa d
100 1 _aPowelson, John P.
_993505
245 1 0 _aContabilidad económica /
_cJohn P. Powelson ; traducción de Herminia Ramón, Rubén Pimentel, José Manuel Sobrino.
250 _a1ª. ed.
260 _aMéxico :
_bFondo de Cultura Económica,
_c1958.
300 _a538 p. :
_bil. ;
_c24 cm.
700 1 _aRamón, Herminia.
_995204
700 1 _aPimentel, Rubén C.
_992051
700 1 _aSobrino, José Manuel.
_9107004
852 _aES-MaACL
_jE-7503
_bR.91383
999 _c122361
_d122361